LIBRARY & INFORMATION CENTRE, KCAET, TAVANUR

ONLINE PUBLIC ACCESS CATALOGUE (OPAC)

Programming with FORTRAN 77 / (Record no. 9660)

MARC details
000 -LEADER
fixed length control field 00530cam a2200217ua 4500
041 ## - LANGUAGE CODE
Language code of text/sound track or separate title eng
082 ## - DEWEY DECIMAL CLASSIFICATION NUMBER
Classification number 005.133
Item number RAM/PR
100 ## - MAIN ENTRY--AUTHOR NAME
Personal name Ramkumar, .
245 ## - TITLE STATEMENT
Title Programming with FORTRAN 77 /
250 ## - EDITION STATEMENT
Edition statement 1 /
260 ## - PUBLICATION, DISTRIBUTION, ETC. (IMPRINT)
Place of publication New Delhi :
Name of publisher Tata Mc-Graw Hill Publishing Company ,
Year of publication 1989.
300 ## - PHYSICAL DESCRIPTION
Number of Pages 386 ; .
500 ## - GENERAL NOTE
General note *CSS
942 ## - ADDED ENTRY ELEMENTS (KOHA)
Koha item type Books
Holdings
Withdrawn status Lost status Damaged status Home library Current library Date acquired Full call number Accession Number Koha item type
      KAUAET   07/04/2012 005.133 19183 Books
      KAUAET   07/04/2012 005.133 19185 Books
      KAUAET KAUAET 07/04/2012 005.133 16556 Books
free website counter